Cognición y modificación de conducta
Tallennettuna:
| Päätekijä: | |
|---|---|
| Aineistotyyppi: | Kirja |
| Kieli: | espanja |
| Julkaistu: |
Ciudad de México
Trillas
1988
|
| Aiheet: | |
| Tagit: |
Lisää tagi
Ei tageja, Lisää ensimmäinen tagi!
|
MARC
| LEADER | 00000nam a2200000 a 4500 | ||
|---|---|---|---|
| 001 | UCW5037 | ||
| 003 | CL-VaPUC | ||
| 008 | 901114e19880000MX |||||||||||||||||spa|d | ||
| 082 | 0 | 4 | |a 150.1943 |b MAH |2 21 |
| 100 | |a Mahoney, Michael J. |e autor |9 430912 | ||
| 245 | 1 | 0 | |a Cognición y modificación de conducta |
| 300 | |a 371 p | ||
| 942 | |c BK | ||
| 945 | |d 19901114 00:00:00 | ||
| 260 | |a Ciudad de México |b Trillas |c 1988 | ||
| 650 | 0 | |a Conducta humana |9 269906 | |
| 650 | 7 | |a CONDUCTISMO |2 CL-VaPUC |9 309844 | |
| 583 | |a last modification |c 19901114 00:00:00 |k Rodrigo Vera | ||
| 999 | |c 218554 |d 218552 | ||
| 952 | |0 0 |1 0 |4 0 |6 150_194300000000000_MAH_1988 |7 0 |8 A |9 208291 |a BIBEDU |b BIBEDU |d 2019-11-15 |i 2762323 |o 150.1943 MAH 1988 |p 2762323 |r 2019-11-15 |w 2019-11-15 |y BK |k EDU | ||